| 000 | 00579nam a2200205 i 4500 | ||
|---|---|---|---|
| 001 | 24372 | ||
| 003 | ES-MaACL | ||
| 005 | 20240218063022.0 | ||
| 007 | t| | ||
| 008 | 021217s1953 sp ||||1| spa d | ||
| 040 | _cES-MaACL | ||
| 245 | 0 | 0 | _aAntología del II Congreso de Poesía |
| 260 |
_aSalamanca : _bDiputación Provincial, _c1953 |
||
| 300 |
_a77 p. ; _c25 cm. |
||
| 711 | 2 |
_aCongreso de Poesía ( _n2º. _d1953) _9337 |
|
| 852 |
_aES-MaACL _jC-26703 _bR.35567 |
||
| 942 |
_cMONOGRAFIA _n0 |
||
| 999 |
_c24372 _d24372 |
||